000 00483nam a2200181Ia 4500
001 2265
005 20260306143829.0
008 260306t2007||||xx |||||||||||||| ||spa||
041 _aESP
082 _a616.8522
_bP638
100 _aPeurifoy, Reneau Z.
_eAUT
245 0 _aCómo vencer la ansiedad:
_bun programa revolucionario para eliminarla definitivamente
260 _c2007
300 _a183 páginas :
_c21 cm.
650 _aGEN
654 _aCPS
942 _cLIB
_dJUS
_fJUS
_2ddc
_n
999 _c2265
_d2265